Roundtable on interim and confidence building measures in Central America. The Central American Crisis. Parte I /
সংরক্ষণ করুন:
| প্রধান লেখক: | |
|---|---|
| সংস্থা লেখক: | , |
| অন্যান্য লেখক: | |
| বিন্যাস: | পাঠ্য |
| প্রকাশিত: |
Ottawa:
CAPA
|
| ট্যাগগুলো: |
ট্যাগ যুক্ত করুন
কোনো ট্যাগ নেই, প্রথমজন হিসাবে ট্যাগ করুন!
|
MARC
| LEADER | 00000 a a2200000 04500 | ||
|---|---|---|---|
| 001 | 25487 | ||
| 003 | |||
| 040 | |||
| 090 | |a 152703 | ||
| 100 | |a North, Liisa | ||
| 110 | |a Centre American Policy Alternatives | ||
| 245 | |a Roundtable on interim and confidence building measures in Central America. The Central American Crisis. Parte I / |c Centre American Policy Alternatives | ||
| 260 | |a Ottawa: |b CAPA | ||
| 300 | |a 108 p | ||
| 700 | |a Baranyi, Steven |a Leonard, Julie | ||
| 710 | |a CAPA | ||
| 999 | |c 8661 |d 8661 | ||
